000 00222nam a22000857a 4500
008 170113b xxu||||| |||| 00| 0 eng d
100 _92406
_aGoel.A.etal.
245 _aTogether with Science-IX
260 _aNew Delhi
_bRachna
_c2008
999 _c5438
_d5438